00477 a2200181 450000100060000002000150000604000240002110000230004524000280006824500230009630000070011936200090012644000080013565000240014394200070016795201040017499900170027870115 a8532252036 cAnchieta - Itaigara aMachado, Ana Maria10aO veado e a onçalpor10aO veado e a onça a290 a2004 1aFTD 4aLiteratura infantil cBK 00104070a88.1b88.1d2023-11-21l0oLI 028.5 VEAp3228/ITAr2023-11-21 20:05:00w2023-11-21yBK c70115d70115